Soil engineering in theory and practice, Vol 3 / (Record no. 10543)
[ view plain ]
| 000 -LEADER | |
|---|---|
| fixed length control field | 00495cam a2200181ua 4500 |
| 003 - CONTROL NUMBER IDENTIFIER | |
| control field | OSt |
| 008 - FIXED-LENGTH DATA ELEMENTS--GENERAL INFORMATION | |
| fixed length control field | 250405b |||||||| |||| 00| 0 eng d |
| 020 ## - INTERNATIONAL STANDARD BOOK NUMBER | |
| ISBN | 81-239-0509-2 |
| 041 ## - LANGUAGE CODE | |
| Language code of text/sound track or separate title | eng |
| 082 ## - DEWEY DECIMAL CLASSIFICATION NUMBER | |
| Classification number | 624.151 |
| Item number | ALA/SO |
| 100 ## - MAIN ENTRY--AUTHOR NAME | |
| Personal name | Alam, Singh . |
| 245 ## - TITLE STATEMENT | |
| Title | Soil engineering in theory and practice, Vol 3 / |
| 250 ## - EDITION STATEMENT | |
| Edition statement | 1 / |
| 260 ## - PUBLICATION, DISTRIBUTION, ETC. (IMPRINT) | |
| Place of publication | New Delhi : |
| Name of publisher | C B S Publishers & Distributers , |
| Year of publication | 1997. |
| 300 ## - PHYSICAL DESCRIPTION | |
| Number of Pages | 262 : |
| Other physical details | 506 ; . |
| 700 1# - ADDED ENTRY--PERSONAL NAME | |
| Personal name | Chowdhary, G R . |
| 942 ## - ADDED ENTRY ELEMENTS (KOHA) | |
| Koha item type | Books |
| Withdrawn status | Lost status | Damaged status | Home library | Current library | Date acquired | Full call number | Accession Number | Koha item type |
|---|---|---|---|---|---|---|---|---|
| KAUAET | KAUAET | 07/04/2012 | 624.151 ALA/SO | 19721 | Books |
